Matematické principy přírodní filozofie : úplný překlad první knihy /

Další autoři: Vašíček, Karel, 1962-, Novotný, Jan, 1944-, Grygar, Jiří, 1936-, Přibyl, Patrik, Newton, Isaac, 1642-1727., Fibonacci, Leonardo, asi 1170-asi 1240., Klein, Felix, 1849-1925., Koutný, František, 1940-, Koutný, František, 1940-, Vašíček, Karel, 1962-, Vašíček, Karel, 1962-, Vašíček, Karel, 1962-, Vašíček, Karel, 1962-, Vašíček, Karel, 1962-
Jazyk: Čeština
Vydáno: Pardubice : Karel Vašíček, [2024]
Vydání: 2. rozšířené vydání
Témata:
Fyzický popis: 2 svazky (362; 323 stran) : ilustrace, mapy, portréty, faksimile ; 21 cm
Odebírané svazky: 1-2
Knihy
Uloženo v:
LEADER 04263nam a2200793 ia4500
001 nkc20253664456
003 CZ PrNK
005 20250326082450.0
007 ta
008 250114s2024 xr abchf 000 0 cze
015 |a cnb003664456 
020 |a 978-80-903838-8-3  |q (brožováno) :  |c Kč 775,00 
035 |a (OCoLC)1505965813 
040 |a ABA001  |b cze  |d OLA001  |e rda 
041 1 |a cze  |h eng  |h ger  |h rus  |h lat 
072 7 |a 5  |x Přírodní vědy. Matematické vědy  |2 Konspekt  |9 6 
080 |a 521.1  |2 MRF 
080 |a 531/534  |2 MRF 
080 |a 531.1  |2 MRF 
080 |a 511.1  |2 MRF 
080 |a 514  |2 MRF 
080 |a (082)  |2 MRF 
245 0 0 |a Matematické principy přírodní filozofie :  |b úplný překlad první knihy /  |c Isaac Newton ; s předmluvou Jana Novotného a Jiřího Grygara 
250 |a 2. rozšířené vydání 
264 1 |a Pardubice :  |b Karel Vašíček,  |c [2024] 
300 |a 2 svazky (362; 323 stran) :  |b ilustrace, mapy, portréty, faksimile ;  |c 21 cm 
336 |a text  |b txt  |2 rdacontent 
337 |a bez média  |b n  |2 rdamedia 
338 |a svazek  |b nc  |2 rdacarrier 
500 |a Částečně z angličtiny, ruštiny, němčiny a latiny přeložil Karel Vašíček, vybrané části přeložil Patrik Přibyl 
500 |a Název z obálky 
500 |a 220 výtisků 
504 |a Obsahuje bibliografie a bibliografické odkazy 
505 2 |a Liber abaci : překlad prvních pěti kapitol / Leonardo Pisánský Fibonacci -- O tzv. neeukleidovské geometrii / Felix Klein -- Newton a calculus, minimalizace / František Koutný -- Carl Friedrich Gauss (30.4.1777-23.2.1855) / František Koutný -- Jak vydat knihu? / Karel Vašíček -- Krátce o fotografii a její historii / Karel Vašíček -- Newton a Principie / Karel Vašíček -- Finanční, bankovní a internetová bezpečnost a podvody na internetu / Karel Vašíček -- Matematika a internet / Karel Vašíček - 
650 0 7 |a nebeská mechanika  |7 ph123180  |x díla do r. 1800  |2 czenas 
650 0 7 |a mechanika  |7 ph115247  |x díla do r. 1800  |2 czenas 
650 0 7 |a pohyb (fyzika)  |7 ph387191  |2 czenas 
650 0 7 |a aritmetika  |7 ph118605  |x díla do r. 1800  |2 czenas 
650 0 7 |a geometrie  |7 ph114624  |2 czenas 
650 0 9 |a celestial mechanics  |x early works to 1800  |2 eczenas 
650 0 9 |a mechanics  |x early works to 1800  |2 eczenas 
650 0 9 |a motion (physics)  |2 eczenas 
650 0 9 |a arithmetic  |x early works to 1800  |2 eczenas 
650 0 9 |a geometry  |2 eczenas 
655 7 |a sborníky  |7 fd163935  |2 czenas 
655 9 |a papers of several authors  |2 eczenas 
740 0 2 |a O tzv. neeukleidovské geometrii 
700 1 |a Vašíček, Karel,  |d 1962-  |7 mzk20211121733  |4 aut  |4 cwt  |4 trl  |4 pbl 
700 1 |a Novotný, Jan,  |d 1944-  |7 jk01090688  |4 wfw 
700 1 |a Grygar, Jiří,  |d 1936-  |7 jk01032810  |4 wfw 
700 1 |a Přibyl, Patrik  |7 jo20251249454  |4 trl 
700 1 2 |a Newton, Isaac,  |d 1642-1727.  |t Principia.  |l Česky  |7 aun20231189394 
700 1 2 |a Fibonacci, Leonardo,  |d asi 1170-asi 1240.  |t Liber abaci.  |l Česky  |7 aun20231189398 
700 1 2 |a Klein, Felix,  |d 1849-1925.  |t Ueber die sogenannte Nicht-Euklidische Geometrie.  |l Česky 
700 1 2 |a Koutný, František,  |d 1940-  |t Newton a calculus, minimalizace 
700 1 2 |a Koutný, František,  |d 1940-  |t Carl Friedrich Gauss (30.4.1777-23.2.1855) 
700 1 2 |a Vašíček, Karel,  |d 1962-  |t Jak vydat knihu? 
700 1 2 |a Vašíček, Karel,  |d 1962-  |t Krátce o fotografii a její historii 
700 1 2 |a Vašíček, Karel,  |d 1962-  |t Newton a Principie 
700 1 2 |a Vašíček, Karel,  |d 1962-  |t Finanční, bankovní a internetová bezpečnost a podvody na internetu 
700 1 2 |a Vašíček, Karel,  |d 1962-  |t Matematika a internet 
910 2 |a BOA001  |b 2-1538.521  |s 1-2 
990 |a BK 
995 |a 01 
991 |b 202502  |c NOV 
996 6 |b 2610992452  |c 2-1538.521  |d 1. svazek  |v 1  |l MZK  |r Sklad / do 1 hodiny  |n 0  |p p.v.  |w 001991356  |u 000010  |a 1  |e BOA001  |j MZK50  |s P 
996 6 |b 2610992453  |c 2-1538.521  |d 2. svazek  |v 2  |l MZK  |r Sklad / do 1 hodiny  |n 0  |p p.v.  |w 001991356  |u 000020  |a 1  |e BOA001  |j MZK50  |s P 
996 7 |b 2610998928  |c 2-1538.521  |d 1. svazek  |v 1  |l Vol.výběr  |r VV 0p  |n 0  |p kup  |h 5 MAT  |w 001991356  |u 000030  |a 0  |e BOA001  |j MZK50  |s A 
996 7 |b 2610998929  |c 2-1538.521  |d 2. svazek  |v 2  |l Vol.výběr  |r VV 0p  |n 0  |p kup  |h 2 MAT  |w 001991356  |u 000040  |a 0  |e BOA001  |j MZK50  |s A